[Event "Quimper op 8th"]
[Site "Quimper"]
[Date "2017.11.02"]
[Round "6"]
[White "Ollivier, Alain"]
[Black "Beaudoin, Damien"]
[Result "1-0"]
[WhiteElo "1556"]
[BlackElo "1242"]
[PlyCount "73"]
[EventDate "2017.10.31"]
[EventType "swiss"]
[EventRounds "6"]
[EventCountry "FRA"]
[SourceTitle "EXT 2023"]
[Source "ChessBase"]
[SourceDate "2022.10.05"]
[SourceVersion "1"]
[SourceVersionDate "2022.10.05"]
[SourceQuality "1"]

1. e4 d6 2. d4 Nf6 3. Nc3 g6 4. f3 Bg7 5. Be3 0-0 6. Qd2 c6 7. 0-0-0 b5 8. Kb1 b4 9. Nce2 a5 10. h4 Nfd7 11. Bh6 Na6 12. Bxg7 Kxg7 13. h5 a4 14. hxg6 hxg6 15. Qh6+ Kf6 16. e5+ dxe5 17. dxe5+ Nxe5 18. Rxd8 Rxd8 19. Qf4+ Ke6 20. Nd4+ Kd6 21. Nh3 f6 22. Nf2 Nc7 23. Ne4+ Kd5 24. Nf2 Kc5 25. Ne2 Nd5 26. Qc1 Bf5 27. Ng3 Nc3+ 28. bxc3 bxc3 29. Nxf5 Rab8+ 30. Ka1 gxf5 31. Nd3+ Kd6 32. Nxe5 fxe5 33. Bc4 Rb2 34. Rd1+ Kc7 35. Rxd8 Kxd8 36. Qd1+ Kc7 37. Qd3 1-0

[Event "Fouesnant op 15th"]
[Site "Fouesnant"]
[Date "2009.10.26"]
[Round "4"]
[White "Le Garrec, Maxime"]
[Black "Beaudoin, Damien"]
[Result "1-0"]
[WhiteElo "1687"]
[BlackElo "1399"]
[PlyCount "49"]
[EventDate "2009.10.26"]
[EventType "swiss"]
[EventRounds "9"]
[EventCountry "FRA"]
[SourceTitle "EXT 2010"]
[Source "ChessBase"]
[SourceDate "2010.11.25"]
[SourceVersion "1"]
[SourceVersionDate "2010.11.25"]
[SourceQuality "1"]

1. e4 e5 2. Nf3 Nf6 3. Nxe5 Nc6 4. Nf3 Nxe4 5. d4 d5 6. Bb5 g6 7. 0-0 Bd7 8. Re1 Ne7 9. Bxd7+ Qxd7 10. Nbd2 Bg7 11. Nxe4 dxe4 12. Rxe4 0-0 13. c3 c5 14. Bg5 Rae8 15. dxc5 Qc6 16. Rxe7 Rd8 17. Qb3 Bf6 18. Bxf6 Qxf6 19. Rae1 Qc6 20. Ne5 Qd5 21. Qxd5 Rxd5 22. Nd7 f6 23. Nxf8 Re5 24. R1xe5 fxe5 25. Nxh7 1-0